| 000 | 00580nam a22001937a 4500 | ||
|---|---|---|---|
| 005 | 20260604110651.0 | ||
| 008 | 260416b |||||||| |||| 00| 0 eng d | ||
| 020 |
_a9781398618657 _c5996.30 |
||
| 040 | _aMAIN | ||
| 041 | _aEnglish | ||
| 082 |
_a658.155 _bBOO |
||
| 100 |
_aBoothroyd, Kate _926634 |
||
| 245 |
_aFundamentals of Risk Management _b: Understanding Evaluating And Implementing Effective Enterprise Risk Management |
||
| 260 |
_aUnited Kingdom _bKogan Page _c2025 |
||
| 300 | _a443 | ||
| 650 | _aManagement | ||
| 700 |
_aThompson, Clive _926635 |
||
| 942 | _cBK | ||
| 999 |
_c60633 _d60633 |
||